000 00383nam a2200145Ia 4500
008 230917s9999||||xx |||||||||||||| ||und||
040 _e153904
_aMAIN
041 _aEnglish
082 _a294 S24D
100 _aShastri,Devendra Muni
245 0 _aDharma-darshana: Manana aur mulyankana
260 _aUdipur
_bSri Tarak Guru Jain Granthalaya
_c1985
300 _a255 p.
942 _cBK
999 _c51385
_d51385